Countries and capitals with the same number of letters - Statistics

General Stats
  • This quiz has been taken 34 times
  • The average score is 40 of 66
Answer Stats
Country % Correct
Japan
88%
Lima
88%
Peru
88%
Tokyo
88%
Egypt
79%
Moscow
79%
Russia
79%
Ankara
75%
Athens
75%
Cairo
75%
Greece
75%
Monaco
75%
Monaco
75%
Singapore
75%
Singapore
75%
Togo
75%
Turkey
75%
Algeria
71%
Algiers
71%
Canada
71%
Ottawa
71%
San Marino
71%
San Marino
71%
Ghana
67%
Poland
67%
Warsaw
67%
Zambia
67%
Accra
63%
Fiji
63%
Taiwan
63%
Yemen
63%
Angola
58%
Djibouti
58%
Djibouti
58%
Estonia
58%
Georgia
58%
Luxembourg
58%
Luxembourg
58%
Taipei
58%
Armenia
54%
Lome
54%
Luanda
54%
Lusaka
54%
Nauru
54%
Paraguay
54%
Rwanda
54%
Sana'a
54%
Tbilisi
54%
Asuncion
50%
New Zealand
50%
Suva
50%
Tallinn
50%
Vatican City
50%
Vatican City
50%
Wellington
50%
Botswana
46%
Kigali
46%
Mauritania
46%
Yerevan
46%
Gaborone
42%
Mauritius
42%
Yaren
42%
Port Louis
38%
Nouakchott
33%
Burkina Faso
29%
Ouagadougou
29%
No matching quizzes found
Score Distribution
Percent of People with Each Score
Percentile by Number Answered
Your Score History
You have not taken this quiz